zpět

Detail výsledku týmu

Pivovar Prokopák, Praha

Datum a čas kvízu

32.5 Celkem bodů Celkový počet nahraných bodů na tomto kvízu bez doplňovacích otázek.
5. Pořadí na kvízu Konečné umístění týmu na tomto kvízu.

Zaznamenané odpovědi

# Otázka Odpověď Body Výsledky
1. Generálním ředitelem Úřadu prá... (Roman) Chlopčík 1
2. Vskutku kuriózním způsobem vyp... D 1
3. Ve čtvrtek vyšel trailer na no... bude černobílá 0
4. Kterou americkou komunikační p... WhatsApp 1
5. Na sociálních sítích jste mohl... B) krasobruslení 0
6. Hned v úvodu bod rozdělíme: za... Ulánbátar; Altaj 0.5
7. Mongolština může být zapisován... cyrilice (azbuka) 1
8. Jak se jmenuje hudební skupina... The Hu 0
9. Tato obydlí se v Mongolsku ozn... jurta 1
10. Do Mongolska zasadila děj svéh... babičce 1